1773 1388 1568 1125 1372 1781 1586 1645 1782 1721 1297 1322 1635 1684 1839 1202 1077 1040 1787 1634 1136 1354 1624 1263 1128 1704 1264 1056 1672 1888 1479 1122 1682 1201 1327 1628 1250 1186 1982 1279 1433 1535 1008 1598 1331 1191 1576 1365 1475 1726 1401 1266 1335 1525 1901 1426 1788 1031 1553 1477 1114 1694 1982 1948 1626 1259 1025 1679 1977 1678 1008 1211 1065 1593 1871 1503 1739 1675 1256 1177 1295 1909 1961 1682 1792 1815 1464 1596 1267 1147 1259 1123 1847 1719 1421 1984 1332 1036 1480 BCNSPRNW ULIB Ver.6.0+V

เปลี่ยนเป็นภาษาไทย

Change to English
 แสดงรายละเอียดบรรณานุกรม
  กลับหน้าหลัก

Brief Record : Get Marc (ISO 2709) : E-mail record : QR code < ปิดหน้าต่าง
LEADER : 00000nam 2200000uu 4500
001    13399125380
003     ULIB
008    170518s2559||||th 000 0 tha d
020    ^a9786167829692
060 04 ^aWY160.5^bน148ห
100 0  ^aนงลักษณ์ บุญรอด
245 00 ^aหนังสือคู่มือการพยาบาลโรคพาร์กินสัน =^bParkinson's Disease Nursing Handbook /^cนงลักษณ์ บุญรอด
250    ^aพิมพ์ครั้งที่ 1 (ราคา 299 บาท)
260    ^aกรุงเทพฯ :^bศูนย์ความเป็นเลิศทางการแพทย์โรคพาร์กินสัน และกลุ่มโรคความเคลื่อนไหวผิดปกติ โรงพยาบาลจุฬาลงกรณ์ สภากาชาดไทย,^c2559
300    ^a228 หน้า :^bภาพประกอบ ; ตาราง ;^c25 ซม.
505 0  ^aบทที่ 1 โรคพาร์กินสันในมุมมองพยาบาล
505 0  ^aบทที่ 2 อาการของโรคพาร์กินสันในมุมมองพยาบาล
505 0  ^aบทที่ 3 ยารักษาโรคพาร์กินสัน
505 0  ^aบทที่ 4 การพยาบาลผู้ป่วยโรคพาร์กินสัน
505 0  ^aบทที่ 5 การพยาบาลผู้ป่วยโรคพาร์กินสันที่ได้รับการรักษาด้วยวิธีอื่นนอกเหนือจากการรับประทานยา
505 0  ^aบทที่ 6 การจัดกิจกรรมกลุ่มสำหรับผู้ป่วยและผู้ดูแล
505 0  ^aบทที่ 7 การดูแลแบบสหสาขาวิชาชีพ
650  7 ^aการพยาบาลทางประสาทวิทยา
650  7 ^aการพยาบาลโรคพาร์กินสัน
650  7 ^aโรคพาร์กินสัน--การพยาบาล
700 0  ^aกมลวรรณ บุญเพ็ง
700 0  ^aรุ่งโรจน์ พิทยศิริ
945    ^p0^l0^i002163
945    ^p0^l0^i002164
945    ^p0^l0^i002165
945    ^p0^l0^i002166
945    ^p0^l0^i002167
945    ^p0^l0^i002168
945    ^p0^l0^i002169
945    ^p0^l0^i002170
945    ^p0^l0^i002171
945    ^p0^l0^i002172
999    ^aวรรณษา ชูชัยมงคล
รายการนี้ยังไม่มีแท็ก
คุณยังไม่ได้ล็อกอิน คุณสามารถมีกิจกรรมร่วมกับเว็บไซต์ได้ แต่ต้องล็อกอินก่อน ::
  ล็อกอิน

รายการสื่อสารสนเทศ

ลำดับที่ ประเภท เลขเรียก/บาร์โค้ด สถานที่ สถานะ
1. วิทยาศาสตร์การแพทย์ และสุขภาพ
วิทยาศาสตร์การแพทย์ และสุขภาพ
สถานะ=หนังสือเก่า
WY160.5 น148ห ฉ.1 
  Barcode: 002163
ห้องสมุดวิทยาเขตสวรรค์ประชารักษ์
►ส่วนจัดเก็บหนังสือเก่า สปร
บนชั้น
  ขอยืม
2. วิทยาศาสตร์การแพทย์ และสุขภาพ
วิทยาศาสตร์การแพทย์ และสุขภาพ
สถานะ=หนังสือเก่า
WY160.5 น148ห ฉ.10 
  Barcode: 002172
ห้องสมุดวิทยาเขตสวรรค์ประชารักษ์
►ส่วนจัดเก็บหนังสือเก่า สปร
บนชั้น
  ขอยืม
3. วิทยาศาสตร์การแพทย์ และสุขภาพ
วิทยาศาสตร์การแพทย์ และสุขภาพ
สถานะ=หนังสือเก่า
WY160.5 น148ห ฉ.2 
  Barcode: 002164
ห้องสมุดวิทยาเขตสวรรค์ประชารักษ์
►ส่วนจัดเก็บหนังสือเก่า สปร
บนชั้น
  ขอยืม
4. วิทยาศาสตร์การแพทย์ และสุขภาพ
วิทยาศาสตร์การแพทย์ และสุขภาพ
สถานะ=หนังสือเก่า
WY160.5 น148ห ฉ.3 
  Barcode: 002165
ห้องสมุดวิทยาเขตสวรรค์ประชารักษ์
►ส่วนจัดเก็บหนังสือเก่า สปร
บนชั้น
  ขอยืม
5. วิทยาศาสตร์การแพทย์ และสุขภาพ
วิทยาศาสตร์การแพทย์ และสุขภาพ
สถานะ=หนังสือเก่า
WY160.5 น148ห ฉ.4 
  Barcode: 002166
ห้องสมุดวิทยาเขตสวรรค์ประชารักษ์
►ส่วนจัดเก็บหนังสือเก่า สปร
บนชั้น
  ขอยืม
6. วิทยาศาสตร์การแพทย์ และสุขภาพ
วิทยาศาสตร์การแพทย์ และสุขภาพ
สถานะ=หนังสือเก่า
WY160.5 น148ห ฉ.5 
  Barcode: 002167
ห้องสมุดวิทยาเขตสวรรค์ประชารักษ์
►ส่วนจัดเก็บหนังสือเก่า สปร
บนชั้น
  ขอยืม
7. วิทยาศาสตร์การแพทย์ และสุขภาพ
วิทยาศาสตร์การแพทย์ และสุขภาพ
สถานะ=หนังสือเก่า
WY160.5 น148ห ฉ.6 
  Barcode: 002168
ห้องสมุดวิทยาเขตสวรรค์ประชารักษ์
►ส่วนจัดเก็บหนังสือเก่า สปร
บนชั้น
  ขอยืม
8. วิทยาศาสตร์การแพทย์ และสุขภาพ
วิทยาศาสตร์การแพทย์ และสุขภาพ
สถานะ=หนังสือเก่า
WY160.5 น148ห ฉ.7 
  Barcode: 002169
ห้องสมุดวิทยาเขตสวรรค์ประชารักษ์
►ส่วนจัดเก็บหนังสือเก่า สปร
บนชั้น
  ขอยืม
9. วิทยาศาสตร์การแพทย์ และสุขภาพ
วิทยาศาสตร์การแพทย์ และสุขภาพ
สถานะ=หนังสือเก่า
WY160.5 น148ห ฉ.8 
  Barcode: 002170
ห้องสมุดวิทยาเขตสวรรค์ประชารักษ์
►ส่วนจัดเก็บหนังสือเก่า สปร
บนชั้น
  ขอยืม
10. วิทยาศาสตร์การแพทย์ และสุขภาพ
วิทยาศาสตร์การแพทย์ และสุขภาพ
สถานะ=หนังสือเก่า
WY160.5 น148ห ฉ.9 
  Barcode: 002171
ห้องสมุดวิทยาเขตสวรรค์ประชารักษ์
►ส่วนจัดเก็บหนังสือเก่า สปร
บนชั้น
  ขอยืม

รายการใกล้เคียง
    ผู้แต่ง [นงลักษณ์ บุญรอด]

    หัวเรื่อง [การพยาบาลทางประสาทวิทยา]
    หัวเรื่อง [การพยาบาลโรคพาร์กินสัน]
    หัวเรื่อง [โรคพาร์กินสัน--การพยาบาล]

BibComment


ยังไม่เคยถูกคอมเมนท์

คอมเมนท์ทรัพยากรรายการนี้
  คอมเมนท์: หนังสือคู่มือการ..


 Copyright 2026. Bcnsprnw @Library